000 00444nam a2200133Ia 4500
008 211109s9999||||xx |||||||||||||| ||und||
082 _a894.812
_bBHA-D
100 _aBhaskaran Nair, K
245 0 _aDhanyavaadam
260 _bMatrubhumi Press
_aCalicutt
_c1989
630 _xGeneral Stack
650 _aLiterature & rhetoric
_vLiteratures of other languagesAltaic, Uralic, Hyperborean & Dravidianmalayalam literature
_xMalayalam
942 _cBOOK
999 _c19542
_d19542